|
|
|
|
| LEADER |
00000nab a2200000ua 4500 |
| 001 |
vtls010837059 |
| 003 |
SK-MaSNL |
| 005 |
20260303135355.0 |
| 008 |
230218s1998 xo |||||||||||||||||slo| |
| 035 |
|
|
|a (urnnbn)urn:nbn:sk:snk:ar-a06u34
|
| 035 |
|
|
|a urn:nbn:sk:snk-ab60n1
|
| 035 |
|
|
|a (uuid)a3e690e5-0bee-4840-9394-7ff6752a3c86
|
| 040 |
|
|
|a SNKBUCL
|b slo
|c SNKBUCL
|e AACR2
|
| 041 |
0 |
|
|a slo
|
| 044 |
|
|
|a xo
|c SK
|
| 100 |
1 |
|
|a Šeliga, Mojmír
|4 aut
|9 279831
|
| 245 |
1 |
0 |
|a Úlohy Úradu jadrového dozoru SR pri informovaní verejnosti
|c Mojmír Šeliga
|
| 773 |
0 |
|
|t EE : časopis pre elektrotechniku a energetiku
|g Roč. 4, č. 5 (1998), s. 68-69
|
| 954 |
|
|
|a odborná, vedecká literatúra pôvodná (slovenská)
|2 lita
|
| 958 |
|
|
|a OND
|
| 958 |
|
|
|a EUIPO
|
| 958 |
|
|
|a article5
|
| 999 |
|
|
|c 1965331
|d 1967261
|